Text Book Of Environmental Studies : (Record no. 611783)

MARC details
000 -LEADER
fixed length control field 00450nam a2200181 a 4500
008 - FIXED-LENGTH DATA ELEMENTS--GENERAL INFORMATION
fixed length control field 260211s2009##################000#0#eng##
020 ## - INTERNATIONAL STANDARD BOOK NUMBER
ISBN 9788131508572
082 04 - DEWEY DECIMAL CLASSIFICATION NUMBER
Classification number 333.707
Item number DAV
100 1# - MAIN ENTRY--AUTHOR NAME
Personal name Dave,
245 10 - TITLE STATEMENT
Title Text Book Of Environmental Studies :
260 ## - PUBLICATION, DISTRIBUTION, ETC. (IMPRINT)
Year of publication 2009.
300 ## - PHYSICAL DESCRIPTION
Number of Pages 278 pages
942 ## - ADDED ENTRY ELEMENTS (KOHA)
Koha item type English Books
Holdings
Withdrawn status Lost status Damaged status Not for loan Home library Current library Shelving location Date acquired Full call number Accession Number Price effective from Koha item type
        Anna Centenary Library Anna Centenary Library 4TH FLOOR, A WING 11.02.2026 333.707 DAV 303507 11.02.2026 English Books

Find us on the map